00360nam a2200181Ia 4500003000900000008004100009040001300050040001300063041000800076100001700084245001600101250001000117260001500127260000900142300001100151300001000162490000600172IT-RoPAU120407s9999 xx 000 0 und d aIT-RoPAU cIT-RoPAU afra aLouis Billot aLa parousie aParis aBeauchesne c1920 a350 p. c19 cm v1